书目信息 |
| 题名: |
电化学扫描隧道显微术及其应用
|
|
| 作者: | 万立骏 著 | |
| 分册: | ||
| 出版信息: | 北京 科学出版社 2011.05 |
|
| 页数: | 13,296页 | |
| 开本: | 24cm | |
| 丛书名: | 纳米科学与技术 | |
| 单 册: | ||
| 中图分类: | Q-336 | |
| 科图分类: | ||
| 主题词: | 电化学--扫描电子显微术--研究 , 电化学 , 扫描电子显微术 | |
| 电子资源: | ||
| ISBN: | 978-7-03-030616-6 | |
| 000 | 01016oam2 2200301 450 | |
| 001 | 010020000840 | |
| 005 | 20170327082017.32 | |
| 010 | @a978-7-03-030616-6@b精装@dCNY60.00 | |
| 100 | @a20110622d2011 em y0chiy50 ea | |
| 101 | 0 | @achi |
| 102 | @aCN@b110000 | |
| 105 | @aaf z 000yy | |
| 106 | @ar | |
| 200 | 1 | @a电化学扫描隧道显微术及其应用@9dian hua xue sao miao sui dao xian wei shu ji qi ying yong@f万立骏著 |
| 205 | @a2版 | |
| 210 | @a北京@c科学出版社@d2011.05 | |
| 215 | @a13,296页@c图,图版(4页)@d24cm | |
| 225 | 2 | @a纳米科学与技术 |
| 300 | @a国家出版基金项目 | |
| 330 | @a本书力图将此技术系统介绍给国内广大科学工作者,以期解决更多的现代科学研究中的问题。主要内容包括:电化学扫描隧道显微术;电极制备及常用的电化学研究方法等。 | |
| 461 | 0 | @12001 @a纳米科学与技术 |
| 606 | 0 | @a电化学@x扫描电子显微术@x研究 |
| 606 | 0 | @a电化学 |
| 606 | 0 | @a扫描电子显微术 |
| 690 | @aQ-336@v5 | |
| 701 | 0 | @a万立骏@9wan li jun@4著 |
| 801 | 0 | @aCN@bRENTIAN@c20110622 |
| 905 | @b981089-92@dQ-336@e74=2@f4 | |
| 电化学扫描隧道显微术及其应用/万立骏著.-2版.-北京:科学出版社,2011.05 |
| 13,296页:图,图版(4页);24cm.-(纳米科学与技术) |
| 国家出版基金项目 |
| ISBN 978-7-03-030616-6(精装):CNY60.00 |
| 本书力图将此技术系统介绍给国内广大科学工作者,以期解决更多的现代科学研究中的问题。主要内容包括:电化学扫描隧道显微术;电极制备及常用的电化学研究方法等。 |
| ● |
| 相关链接 |
|
|
|
|
正题名:电化学扫描隧道显微术及其应用
索取号:Q-336/74=2
 
预约/预借
| 序号 | 登录号 | 条形码 | 馆藏地/架位号 | 状态 | 备注 |
| 1 | 981089 | 209810891 | 第二样本阅览室/ [索取号:Q-336/74=2] | 在馆 | |
| 2 | 981090 | 209810908 | 密集书库-生命科学系/ [索取号:Q-336/74=2] | 在馆 | |
| 3 | 981091 | 209810917 | 第三借阅区/ [索取号:Q-336/74=2] | 在馆 | |
| 4 | 981092 | 209810926 | 第三借阅区/ [索取号:Q-336/74=2] | 在馆 |